South America Capitals to Country - Map Click Quiz - Statistics

General Stats
  • This quiz has been taken 75 times
  • The average score is 10 of 12
Answers on the Map
Answers color-coded by a green-red scale on the quiz's map according to % correct below.
 
Answer Stats
Answer % Correct
Brasília
96%
Buenos Aires
91%
Santiago
89%
Lima
87%
Bogotá
85%
Asunción
80%
Quito
78%
Caracas
76%
Montevideo
76%
Sucre, La Paz
76%
Georgetown
72%
Paramaribo
67%
No matching quizzes found
Score Distribution
Percent of People with Each Score
Percentile by Number Answered
Your Score History
You have not taken this quiz